| 000 | 00971cam a22003011 4500 | ||
|---|---|---|---|
| 001 | 18150 | ||
| 003 | BD-RjUL | ||
| 005 | 20211209000238.0 | ||
| 008 | 14 t1954 enk b 001 0beng c | ||
| 035 | _a(BD-RjUL)18208 | ||
| 035 | _a(OCoLC)2088854 | ||
| 040 |
_aOklahoma. Univ. Libr. _cTxCM _dOCoLC _dNBrockU _dUk _dDLC _dBD-RjUL _beng |
||
| 041 | _aeng | ||
| 082 | 0 | 0 |
_a821.71 _bJOE 1954 |
| 100 | 1 |
_aJones, John, _d1924- _955897 |
|
| 245 | 1 | 4 |
_aThe egotistical sublime : _ba history of Wordsworth's imagination / |
| 260 |
_aLondon : _bChatto & Windus, _c1954. |
||
| 300 |
_aix, 212 p. ; _c21 cm. |
||
| 504 | _aBibliographical footnotes. | ||
| 600 | 1 | 0 |
_aWordsworth, William, _d1770-1850 _xCriticism and interpretation. _955903 |
| 650 | 0 |
_aSublime, The, in literature. _955899 |
|
| 650 | 0 |
_aEgoism in literature. _955900 |
|
| 650 | 0 |
_aSelf in literature. _951846 |
|
| 650 | 0 |
_aImagination. _95482 |
|
| 942 |
_2ddc _cBK |
||
| 999 |
_c18150 _d18150 |
||